| 000 | 00449nam a2200121Ia 4500 | ||
|---|---|---|---|
| 008 | 151021s9999 xx 000 0 und d | ||
| 050 | _aLC 3988 .K4K57 2003 | ||
| 245 | _a_Special Needs Education Distance Learning module 8 &30 Introduction to Community Rehabilitation / Moses Teddy Okech | ||
| 260 | _aNairobi : KISE , 2003 | ||
| 300 | _aix,101 p. | ||
| 650 | _a_Concepts of Community Based Rehabilitation | ||
| 980 | _a^d20110609 01:03:18^okilerai | ||
| 999 |
_c7310 _d7310 |
||